000 00574nam a2200205Ia 4500
003 OSt
005 20220923231008.0
006 a|||||r|||| 00| 0
007 ta
008 220922b |||||||| |||| 00| 0 pan d
024 _a351,489
037 _cTextual
040 _aARTS
_cARTS
_bpan
041 _2pan
_apan
100 _aਮਨਜੀਤ ਕੌਰ, ਂਚ.
245 0 _aਥੀਮ ਵਿਗਿਆਲ ਅਤੇ ਨਾਨਕ ਸਿੰਘ ਦੇ ਨਾਵਲ
260 _c1980
942 _cTEXL
_2CC
999 _c388663
_d388663